Viladecanencs : exposició fotogràfica exposició fotogràfica
Publicado:
[Viladecans] :
Ajuntamentde Viladecans, Arxiu Històric de la Ciutat : Agrupació Fotogràfica de Viladecans, DL 1995
Descripción Física:
10 fotografies en una carpeta ; 31 cm
Colección:
Viladecans antic ; 4
MARC
| LEADER | 00000nam a2200000Ia 4500 | ||
|---|---|---|---|
| 001 | 11229 | ||
| 003 | BGR | ||
| 005 | 20260324175218.0 | ||
| 008 | 160829s9999 xx 000 0 cat d | ||
| 080 | |a FU-27-40 | ||
| 245 | |a Viladecanencs : |b exposició fotogràfica | ||
| 260 | |a [Viladecans] : |b Ajuntamentde Viladecans, Arxiu Històric de la Ciutat : |b Agrupació Fotogràfica de Viladecans, DL 1995 | ||
| 300 | |a 10 fotografies en una carpeta ; |c 31 cm | ||
| 490 | |a Viladecans antic ; 4 | ||
| 650 | |a Viladecans |x Fotografies |x Exposicions |9 20693 | ||
| 650 | |a Viladecans |x Història |x Fotografies |x Exposicions |9 20694 | ||
| 710 | 1 | |a Viladecans (Catalunya). |b Ajuntament |9 54292 | |
| 710 | 2 | |a Agrupació Fotogràfica de Viladecans |9 70130 | |
| 710 | 2 | |a Arxiu Municipal de Viladecans |9 54293 | |
| 901 | |a Arxiu | ||
| 942 | |n 1 |2 udc |c MON | ||
| 952 | |0 0 |1 0 |4 0 |6 FU2740 |7 1 |9 41635 |a Arxiu |b Arxiu |d 2016-12-01 |l 0 |o FU-27-40 |p 11229 |r 2016-12-01 00:00:00 |w 2016-12-01 |y ARXIU | ||
| 999 | |c 43525 |d 43525 | ||